| 000 | 00876nac a22002777a 4500 | ||
|---|---|---|---|
| 001 | BR5800045 | ||
| 003 | BR-BrBNA | ||
| 005 | 20240105112931.0 | ||
| 008 | 230509b bl.|||m| |||| 00| 0 por d | ||
| 040 |
_aBR-BrBNA _bpor _cBiblioteca Nacional de Agricultura |
||
| 072 | _aL73 | ||
| 090 | _a7900 BR5800045 | ||
| 100 | 1 | _aAbreu, O.C. | |
| 110 | 1 |
_aSecretaria da Agricultura de Sao Paulo, Sao Paulo (Brasil). Servico de Sericicultura _98198 |
|
| 245 | 1 | _aDoencas do bicho-da-seda. Estudo sobre a calcinose | |
| 260 | 3 |
_aSao Paulo, SP (Brasil): _c1958. |
|
| 300 | _a30 p. | ||
| 490 |
_aBoletim Tecnico de Sericicultura (Brazil) _vno. 25 _x |
||
| 500 | _a17 ref.; Summary (En); 15 illus. | ||
| 650 | _aDoenca animal | ||
| 650 | _aBicho da seda | ||
| 650 | _aCalcinose | ||
| 650 | _aFungo | ||
| 909 |
_a202312 _bLúcia Elande _c55 _dLúcia Elande |
||
| 942 |
_2AGRIS _n0 _cMS |
||
| 999 |
_c261004 _d261004 |
||